Normal view
MARC view
- Fayaz Ahmad, Mirza
Entry Personal Name
001 - CONTROL NUMBER
- control field: 64165
003 - CONTROL NUMBER IDENTIFIER
- control field: NUST
005 - DATE AND TIME OF LATEST TRANSACTION
- control field: 20210628203231.0
008 - FIXED-LENGTH DATA ELEMENTS
- fixed length control field: 210628|| aca||aabn | a|a d
040 ## - CATALOGING SOURCE
- Original cataloging agency: NUST
- Transcribing agency: NUST
100 ## - HEADING--PERSONAL NAME
- Personal name: Fayaz Ahmad, Mirza
670 ## - SOURCE DATA FOUND
- Source citation: Work cat.: (NUST): Fayaz Ahmad, Mirza, Ejaz-e-bian, bahtareen taqreer for school and colleges students, 2009
